Introducción a la práctica cooperativa

Saved in:
Bibliografiske detaljer
Corporate Authors: OIT (Author), Oficina Internacional del Trabajo (Author)
Format: Bog
Sprog:spansk
Udgivet: Ginebra OIT 1952
Serier:Estudios y documentos. Nueva serie, 32
Fag:
Tags: Tilføj Tag
Ingen Tags, Vær først til at tagge denne postø!

MARC

LEADER 00000nam a2200000 a 4500
001 UCY7715
003 CL-VaPUC
008 950616e19520000SZ |||||||||||||||||spa|d
082 0 4 |a 338.9  |b OIT  |2 21 
110 2 |a OIT  |e author  |9 338425 
710 2 |a Oficina Internacional del Trabajo  |e author  |9 338426 
245 1 0 |a Introducción a la práctica cooperativa 
300 |a 56 p 
942 |c BK 
945 |d 19950616 00:00:00  |a cmena 
260 |a Ginebra  |b OIT  |c 1952 
650 0 |a Cooperativas  |9 319869 
650 7 |a COOPERACION  |2 CL-VaPUC  |9 338427 
650 7 |a GRUPOS  |2 CL-VaPUC  |9 336429 
650 7 |a COMPORTAMIENTO COMUNITARIO  |2 CL-VaPUC  |9 337025 
650 0 |a Participación comunitaria  |9 317870 
650 0 |a Desarrollo de la comunidad  |9 267505 
583 |a last modification  |c 19950616 00:00:00  |k Rodrigo Vera 
490 0 |a Estudios y documentos. Nueva serie, 32 
999 |c 235037  |d 235035 
952 |0 0  |1 0  |4 0  |6 338_900000000000000_OIT_1952  |7 0  |8 P  |9 242147  |a BIBEDU  |b BIBEDU  |c BIBEDU_PB  |d 2019-11-18  |i 1521276  |o 338.9 OIT 1952  |p 1521276  |r 2024-01-25  |w 2019-11-18  |y BK  |k EDU